UBT Library

Medical-Surgical Nursing (Record no. 51402)

000 -LEADER
fixed length control field 00305nam a22001337a 4500
008 - FIXED-LENGTH DATA ELEMENTS--GENERAL INFORMATION
fixed length control field 181101b xxu||||| |||| 00| 0 eng d
020 ## - INTERNATIONAL STANDARD BOOK NUMBER
International Standard Book Number 9780781785907
041 ## - LANGUAGE CODE
Language code of text/sound track or separate title eng
080 ## - UNIVERSAL DECIMAL CLASSIFICATION NUMBER
Edition identifier 12th
Universal Decimal Classification number 610.73
100 ## - Rafti
Rafti 2
101 ## - Shkurtesa
Shkurtesa INF
245 ## - TITLE STATEMENT
Title Medical-Surgical Nursing
Statement of responsibility, etc Smeltzer,S.C
942 ## - ADDED ENTRY ELEMENTS (KOHA)
Source of classification or shelving scheme
Item type Books
Holdings
Withdrawn status Lost status Source of classification or shelving scheme Damaged status Not for loan Collection code Permanent location Current location Shelving location Date acquired Total Checkouts Full call number Barcode Date last seen Price effective from Koha item type
          Koleksioni i përgjithshem UBT - Lipjan UBT - Lipjan Koleksioni i përgjithshem 11/01/2018   610.73 SME 002-3017331 11/01/2018 11/01/2018 Books
UBT Library © 2015-2024. All rights reserved University Education for Business and Technology